000 00272nam a2200109Ia 4500
005 20251222113744.0
008 251222s1900||||xx |||||||||||||| ||spa||
082 _aDVD0070/D95/2005
245 0 _aLa passion de Jeanne d'Arc
264 _bSocieté generale de films
942 _cDVD
999 _c715
_d715